AH International Schools' Libraries

Normal view MARC view
  • Milbourne, Anna.

Entry Personal Name

Number of records used in: 14

001 - CONTROL NUMBER

  • control field: 42904

003 - CONTROL NUMBER IDENTIFIER

  • control field: OSt

005 - DATE AND TIME OF LATEST TRANSACTION

  • control field: 20111209102819.0

008 - FIXED-LENGTH DATA ELEMENTS

  • fixed length control field: 111209|||a|||||| | ||| d

040 ## - CATALOGING SOURCE

  • Original cataloging agency: OSt
  • Transcribing agency: OSt

100 ## - HEADING--PERSONAL NAME

  • Personal name: Milbourne, Anna.

670 ## - SOURCE DATA FOUND

  • Source citation: Work cat.: (OSt)0: Daynes, Katie. 42214, 1001 things to spot in the sea /, 2004.

For any Logos Library related questions please contact Miss Art at swongnarasuk@asianhope.org.

For any Asian Hope Library related questions please contact Miss Raza at graza@asianhope.org.

Click here to explore our ebooks!

Powered by Koha